Holiday Quiz

Random Holiday or Christmas Quiz

12 Days of Christmas Price Index Quiz Stats

 Plays Quiz Updated Oct 15, 2019

Score 0/12 Timer 03:00
1 Play Today
Price Gift from one's true love % Correct
$649.95Five Golden Rings
92.8%
$161.99A Partridge in a Pear Tree
75.3%
$100.00Two Turtle Doves
72.8%
$150.00Three French Hens
72.4%
$4,766.70Ten lords-a-leaping
69.4%
$58.00Eight Maids-a-milking
67.2%
$5,600.00Seven Swans-a-swimming
63.6%
$599.96Four Calling Birds/Colly Birds
62.8%
$6,294.03Nine Ladies Dancing
61.5%
$2,552.55Twelve drummers drumming
56.4%
$150.00Six Geese-a-laying
54.5%
$2,356.20Eleven Pipers Piping
52.1%

You're not logged in!

Compare scores with friends on all Sporcle quizzes.
OR
Log In

Sporcle TV

Today on Sporcle TV


Watch our educational content, quiz creation guides, and fun videos on Sporcle TV.

Show Comments

Extras

Top Quizzes Today


Score Distribution

Your Account Isn't Verified!

In order to create a playlist on Sporcle, you need to verify the email address you used during registration. Go to your Sporcle Settings to finish the process.

Report this User

Report this user for behavior that violates our Community Guidelines.

Details: